00862cam a2200241Ia 4500001000700000003000600007005001700013008004100030035002300071035002000094040005800114050002000172082001300192100004100205245015400246260004800400300002300448336002600471337002800497338002700525650002100552650004700573455799GBCCL20241126110523.0950602s1962 pau 000 0 eng d a(OCoLC)ocm32586848 a(OCoLC)32586848 aSBIbengcSBIdOCLCGdOCLCQdOCLCFdOCLCQdOCLCOdLBB 4aBT130b.P5 1962 a231bPIN1 aPink, Arthur Walkington,d1886-1952.14aThe attributes of God :ba solemn and blessed contemplation of some of the wondrous and lovely perfections of the divine character /cArthur W. Pink. aSwengel, Pa. :bReiner publications,c1962. a108 pages ;c20 cm atextbtxt2rdacontent aunmediatedbn2rdamedia avolumebnc2rdacarrier 0aGodxAttributes. 7aGodxAttributes.2fast0(OCoLC)fst00944039